[Event "Vallfogona de Balaguer Farre Mem 2nd"]
[Site "Vallfogona de Balaguer"]
[Date "2023.04.29"]
[Round "3"]
[White "Ribera Pane, Jaume"]
[Black "Parra Rebolleda, Antoni"]
[Result "1-0"]
[WhiteElo "2070"]
[BlackElo "1686"]
[PlyCount "81"]
[EventDate "2023.04.15"]
[EventType "swiss"]
[EventRounds "8"]
[EventCountry "ESP"]
[SourceTitle "EXT 2024"]
[Source "ChessBase"]
[SourceDate "2023.10.10"]
[SourceVersion "1"]
[SourceVersionDate "2023.10.10"]
[SourceQuality "1"]

1. d4 Nf6 2. c4 g6 3. g3 Bg7 4. Bg2 0-0 5. Nf3 d6 6. 0-0 c6 7. Nc3 Qa5 8. Re1 e5 9. dxe5 dxe5 10. Qc2 Bf5 11. e4 Bg4 12. Be3 Bxf3 13. Bxf3 Nbd7 14. a3 Rfd8 15. b4 Qc7 16. c5 Nf8 17. Rad1 Ne6 18. Ne2 Rxd1 19. Rxd1 Rd8 20. Rxd8+ Qxd8 21. Qd2 Qxd2 22. Bxd2 Nd4 23. Nxd4 exd4 24. Bg2 Kf8 25. Bf4 Nd7 26. Bd6+ Ke8 27. f4 Bf8 28. e5 Bxd6 29. exd6 Nb8 30. Kf2 b6 31. Ke2 a5 32. Kd3 axb4 33. axb4 bxc5 34. bxc5 f6 35. Kxd4 Kd7 36. Bh3+ Kd8 37. Be6 h6 38. Bf7 g5 39. fxg5 fxg5 40. Bg6 h5 41. h4 1-0

[Event "Barcelona Lleida op"]
[Site "Barcelona"]
[Date "2019.05.18"]
[Round "5.2"]
[White "Monell Camarasa, David"]
[Black "Ribera Pane, Jaume"]
[Result "1-0"]
[WhiteElo "2222"]
[BlackElo "2091"]
[PlyCount "69"]
[EventDate "2019.04.06"]
[EventType "swiss"]
[EventRounds "9"]
[EventCountry "ESP"]
[SourceTitle "EXT 2024"]
[Source "ChessBase"]
[SourceDate "2023.10.10"]
[SourceVersion "1"]
[SourceVersionDate "2023.10.10"]
[SourceQuality "1"]

1. d4 Nf6 2. c4 g6 3. Nc3 d5 4. cxd5 Nxd5 5. e4 Nxc3 6. bxc3 Bg7 7. Nf3 0-0 8. Be2 c5 9. Rb1 cxd4 10. cxd4 Qa5+ 11. Bd2 Qxa2 12. 0-0 Bg4 13. Rxb7 Bxf3 14. Bxf3 Bxd4 15. e5 Na6 16. Rxe7 Rad8 17. Qe2 Rfe8 18. Bg5 Qxe2 19. Bxe2 Nb4 20. Rd1 Nc6 21. Rxe8+ Rxe8 22. Bb5 Rxe5 23. Bxc6 Bxf2+ 24. Kxf2 Rxg5 25. Rd7 a5 26. Bd5 Rf5+ 27. Ke3 h5 28. Kd4 h4 29. h3 g5 30. Be4 Rf4 31. Rd5 a4 32. Rxg5+ Kf8 33. Rf5 Rxf5 34. Bxf5 Ke7 35. Kc3 1-0

[Event "Barcelona Lleida op"]
[Site "Barcelona"]
[Date "2019.05.04"]
[Round "3.5"]
[White "Ribera Pane, Jaume"]
[Black "Subarroca Blanch, Francesco"]
[Result "1-0"]
[WhiteElo "2091"]
[BlackElo "1770"]
[PlyCount "61"]
[EventDate "2019.04.06"]
[EventType "swiss"]
[EventRounds "9"]
[EventCountry "ESP"]
[SourceTitle "EXT 2024"]
[Source "ChessBase"]
[SourceDate "2023.10.10"]
[SourceVersion "1"]
[SourceVersionDate "2023.10.10"]
[SourceQuality "1"]

1. d4 Nf6 2. c4 c5 3. d5 d6 4. Nc3 g6 5. e4 Bg7 6. f4 0-0 7. Nf3 Bg4 8. Bd3 Na6 9. 0-0 Qd7 10. Qe1 Nb4 11. Bb1 Bxf3 12. Rxf3 e6 13. a3 Na6 14. Bd3 exd5 15. cxd5 Nc7 16. f5 Rae8 17. Qh4 Qe7 18. Bg5 Qe5 19. Raf1 Qd4+ 20. Kh1 gxf5 21. Rh3 h5 22. Rxf5 Nd7 23. Qxh5 f6 24. Qh7+ Kf7 25. Bh6 Ke7 26. Qxg7+ Kd8 27. Qg3 Rg8 28. Qxd6 c4 29. Bf4 Na6 30. Rh7 Nac5 31. Qc7# 1-0

[Event "Delegacio Lleida op"]
[Site "Mollerusa"]
[Date "2018.05.05"]
[Round "4"]
[White "Raga Lleida, Roman"]
[Black "Ribera Pane, Jaume"]
[Result "0-1"]
[WhiteElo "1681"]
[BlackElo "2052"]
[PlyCount "92"]
[EventDate "2018.04.14"]
[EventType "swiss"]
[EventRounds "8"]
[EventCountry "ESP"]
[SourceTitle "EXT 2019"]
[Source "ChessBase"]
[SourceDate "2018.10.10"]
[SourceVersion "1"]
[SourceVersionDate "2018.10.10"]
[SourceQuality "1"]

1. e4 Nf6 2. e5 Nd5 3. d4 d6 4. Nf3 Bg4 5. h3 Bh5 6. c4 Nb6 7. exd6 exd6 8. b3 Be7 9. Be2 0-0 10. Be3 Bf6 11. Nc3 Re8 12. 0-0 Nc6 13. Qd2 d5 14. c5 Nc8 15. a3 a6 16. b4 Bxf3 17. Bxf3 N6e7 18. Bg5 Bxg5 19. Qxg5 h6 20. Qh4 c6 21. Rfe1 Ng6 22. Qxd8 Rxd8 23. g3 Nf8 24. Bg4 g6 25. Bxc8 Raxc8 26. Re7 Rb8 27. Re5 Ne6 28. Ne2 Re8 29. f4 Ng7 30. g4 f6 31. Rxe8+ Rxe8 32. Kf2 Re4 33. Rd1 Ne6 34. Kf3 Kf7 35. a4 Ke7 36. a5 Kf7 37. Rd2 g5 38. fxg5 Nxg5+ 39. Kg2 Re3 40. h4 Ne6 41. Nc1 Rc3 42. Na2 Rc4 43. Rf2 Rxd4 44. Kg3 Rc4 45. g5 hxg5 46. h5 Rh4 0-1

[Event "Tarrega Lleida op"]
[Site "Tarrega"]
[Date "2017.06.03"]
[Round "7.7"]
[White "Ribera Pane, Jaume"]
[Black "Subarroca Blanch, Francesco"]
[Result "1-0"]
[WhiteElo "2063"]
[BlackElo "1744"]
[PlyCount "103"]
[EventDate "2017.04.22"]
[EventType "swiss"]
[EventRounds "8"]
[EventCountry "ESP"]
[SourceTitle "EXT 2024"]
[Source "ChessBase"]
[SourceDate "2023.10.10"]
[SourceVersion "1"]
[SourceVersionDate "2023.10.10"]
[SourceQuality "1"]

1. d4 d5 2. c4 c6 3. g3 e6 4. Bg2 Nf6 5. Nf3 Nbd7 6. 0-0 Be7 7. Qc2 0-0 8. Nbd2 Re8 9. Rd1 Qc7 10. b3 Bb4 11. Bb2 Bxd2 12. Nxd2 Nf8 13. e4 Qd8 14. Rac1 Ng6 15. e5 Ng4 16. Nf3 Bd7 17. h4 Nf8 18. Qe2 Nh6 19. Rc3 Rc8 20. Ng5 Nf5 21. Qh5 g6 22. Qf3 Qe7 23. Bc1 Kg7 24. Nh3 f6 25. Qf4 fxe5 26. dxe5 Kg8 27. Qg4 Qg7 28. Qe2 b6 29. Bg5 h6 30. Bf6 Qf7 31. g4 Ne7 32. Qd2 Nh7 33. Rf3 h5 34. gxh5 Nf5 35. Ng5 Nxg5 36. hxg5 gxh5 37. Rh3 Qg6 38. Bf3 h4 39. Bg4 Kf7 40. Bxf5 Qxf5 41. Rxh4 Rg8 42. Qe2 Rxg5+ 43. Bxg5 Qxg5+ 44. Rg4 Qh6 45. Qf3+ Ke7 46. Qg3 Rf8 47. Kg2 Rf7 48. Rh1 Qd2 49. Qh4+ Ke8 50. Rg8+ Rf8 51. Rxf8+ Kxf8 52. Qf6+ 1-0

[Event "Balaguer op 11th"]
[Site "Balaguer"]
[Date "2006.07.26"]
[Round "10"]
[White "Escobar Forero, Alder"]
[Black "Ribera Pane, Jaume"]
[Result "1-0"]
[WhiteElo "2431"]
[BlackElo "2180"]
[PlyCount "65"]
[EventDate "2006.07.17"]
[EventType "swiss"]
[EventRounds "10"]
[EventCountry "ESP"]
[SourceTitle "CBM 113 Extra"]
[Source "ChessBase"]
[SourceDate "2006.09.14"]
[SourceVersion "1"]
[SourceVersionDate "2006.09.14"]
[SourceQuality "1"]

1. e4 Nf6 2. e5 Nd5 3. c4 Nb6 4. c5 Nd5 5. Nc3 e6 6. d4 d6 7. cxd6 cxd6 8. Nf3 Nc6 9. Bd3 Nxc3 10. bxc3 dxe5 11. dxe5 Bd7 12. 0-0 Be7 13. Qe2 Qc7 14. Rb1 b6 15. Rd1 Rd8 16. Qe4 Bc8 17. Qg4 g6 18. Bh6 f5 19. exf6 Bxf6 20. Bb5 Ke7 21. Qc4 Rxd1+ 22. Rxd1 Bd7 23. Bg5 Rc8 24. Qh4 Rf8 25. Qxh7+ Rf7 26. Qxg6 Nb8 27. Bxf6+ Rxf6 28. Qg7+ Rf7 29. Qg5+ Kf8 30. Ne5 Rg7 31. Qf6+ Kg8 32. Bxd7 Nxd7 33. Qxe6+ 1-0